Premier League Appearances by Nationality: Colombia - Statistics

General Stats
  • This quiz has been taken 13 times
  • The average score is 4 of 10
Answer Stats
Appearances Player % Correct
61 Carlos Sanchez
55%
143 Davinson Sanchez
55%
86 Yerry Mina
55%
182 Jefferson Lerma
45%
103 Luis Diaz
45%
69 Daniel Munoz
36%
154 Hugo Rodallega
18%
55 Jhon Duran
18%
175 Juan Pablo Angel
18%
106 Hamilton Ricard
9%
No matching quizzes found
Score Distribution
Percent of People with Each Score
Percentile by Number Answered
Your Score History
You have not taken this quiz